Sports Quiz

Random Sports or Soccer Quiz

England starting XI based on appearances Quiz Stats

 Plays Quiz not verified by Sporcle

Score 0/11 Timer 05:00
0 Plays Today
Position Player % Correct
Midfielder Steven Gerrard
92.4%
MidfielderDavid Beckham
90.1%
GoalkeeperPeter Shilton
87.6%
ForwardMicheal Owen
87%
DefenderAshley Cole
86.9%
DefenderGary Neville
83.5%
MidfielderBobby Charlton
80.8%
DefenderBobby Moore
77.4%
ForwardGary Lineker
77.2%
MidfielderBryan Robson
55.3%
DefenderBilly Wright
35.2%

You're not logged in!

Compare scores with friends on all Sporcle quizzes.
OR
Log In

Show Comments

Extras

Top Quizzes Today


Score Distribution

Your Account Isn't Verified!

In order to create a playlist on Sporcle, you need to verify the email address you used during registration. Go to your Sporcle Settings to finish the process.

Report this User

Report this user for behavior that violates our Community Guidelines.

Details: